Nicaragua: tras el Mitch, el pacto FSLN-Gobierno va
Guardat en:
| Format: | Llibre |
|---|---|
| Idioma: | Spanish |
| Etiquetes: |
Afegir etiqueta
Sense etiquetes, Sigues el primer a etiquetar aquest registre!
|
MARC
| LEADER | 00000nam a22000007a 4500 | ||
|---|---|---|---|
| 003 | cru CIDCACS/IIS | ||
| 005 | 20190125151602.0 | ||
| 007 | ta | ||
| 008 | 190125s1999 es |||||r||||||0| ||spa d | ||
| 999 | |c 42128 |d 42128 | ||
| 040 | |c cru CIDCACS/IIS | ||
| 245 | 0 | |a Nicaragua: |b tras el Mitch, el pacto FSLN-Gobierno va | |
| 300 | |a páginas 4-6 | ||
| 942 | |2 ddc |c PP | ||
| 773 | 0 | |0 42115 |9 2623 |a Universidad Centroamericana José Simeón Cañas (UCA) |d San Salvador, El Salvador: Universidad Centroamericana José Simeón Cañas. Centro Universitario de Documentación e Información |o 18214 |t El Salvador Proceso: |x 02599864 | |
